<?xml version="1.0" encoding="UTF-8"?>
<collection xmlns="http://www.loc.gov/MARC21/slim">
<record>
  <controlfield tag="001">153092</controlfield>
  <controlfield tag="005">20251017144607.0</controlfield>
  <datafield tag="024" ind1="7" ind2=" ">
    <subfield code="2">doi</subfield>
    <subfield code="a">10.31910/rdafd.v11.n1.2025.2527</subfield>
  </datafield>
  <datafield tag="024" ind1="8" ind2=" ">
    <subfield code="2">sideral</subfield>
    <subfield code="a">143598</subfield>
  </datafield>
  <datafield tag="037" ind1=" " ind2=" ">
    <subfield code="a">ART-2025-143598</subfield>
  </datafield>
  <datafield tag="041" ind1=" " ind2=" ">
    <subfield code="a">spa</subfield>
  </datafield>
  <datafield tag="100" ind1=" " ind2=" ">
    <subfield code="a">Ortegón-Cataño, Juan Carlos</subfield>
  </datafield>
  <datafield tag="245" ind1=" " ind2=" ">
    <subfield code="a">Análisis de la carga técnica de un equipo profesional femenino en Colombia durante competición</subfield>
  </datafield>
  <datafield tag="260" ind1=" " ind2=" ">
    <subfield code="c">2025</subfield>
  </datafield>
  <datafield tag="506" ind1="0" ind2=" ">
    <subfield code="a">Access copy available to the general public</subfield>
    <subfield code="f">Unrestricted</subfield>
  </datafield>
  <datafield tag="520" ind1="3" ind2=" ">
    <subfield code="a">Introducción: el fútbol femenino presenta un amplio crecimiento y desarrollo global; el monitoreo y el control de los diferentes componentes del entrenamiento es más frecuente. En este sentido, la carga técnica, su control y evaluación es una de las novedades. Objetivo: analizar la carga técnica de un equipo profesional femenino en Colombia durante la competición. Materiales y métodos: la población evaluada fueron 16 jugadoras de un equipo profesional femenino; se utilizó el dispositivo Playermaker Elite, para obtener los datos referentes a la carga técnica y, a través de esta plataforma, se extrajeron y se procesaron los datos presentados durante la fase de grupo regular, por las jugadoras del equipo profesional. Resultados y discusión: los datos muestran una descripción en cuanto a la carga técnica. Se observan diferencias significativas en los goles anotados, con una leve diferencia en cantidad de contactos en juegos perdidos y empatados, con relación a juegos ganados; además, se presenta una diferencia marcada en cuanto a cantidad de contactos con la pierna derecha, con relación a la pierna izquierda, entendiéndose que hay una predominancia por este perfil. Conclusiones: el análisis de la carga técnica durante la competencia es fundamental para adecuar los procesos de entrenamiento, según las necesidades de los deportistas; la cantidad de toques, según el contexto, puede indicar una dinámica y predisposición por parte del equipo ante las situaciones cambiantes del juego. Además, los datos de carga técnica permiten a los técnicos un mayor control del entrenamiento y la competición de los deportistas.</subfield>
  </datafield>
  <datafield tag="540" ind1=" " ind2=" ">
    <subfield code="9">info:eu-repo/semantics/openAccess</subfield>
    <subfield code="a">by-nc</subfield>
    <subfield code="u">https://creativecommons.org/licenses/by-nc/4.0/deed.es</subfield>
  </datafield>
  <datafield tag="655" ind1=" " ind2="4">
    <subfield code="a">info:eu-repo/semantics/article</subfield>
    <subfield code="v">info:eu-repo/semantics/publishedVersion</subfield>
  </datafield>
  <datafield tag="700" ind1=" " ind2=" ">
    <subfield code="a">Motato, Luis Adolfo</subfield>
  </datafield>
  <datafield tag="700" ind1=" " ind2=" ">
    <subfield code="a">Galeano, Julian David</subfield>
  </datafield>
  <datafield tag="700" ind1=" " ind2=" ">
    <subfield code="a">Asín-Izquierdo, Iván</subfield>
    <subfield code="u">Universidad de Zaragoza</subfield>
    <subfield code="0">(orcid)0000-0002-0541-2050</subfield>
  </datafield>
  <datafield tag="700" ind1=" " ind2=" ">
    <subfield code="a">Ortiz-Garcia, Mauricio</subfield>
  </datafield>
  <datafield tag="700" ind1=" " ind2=" ">
    <subfield code="a">Usme-Pineda, Carlos Andrés</subfield>
  </datafield>
  <datafield tag="710" ind1="2" ind2=" ">
    <subfield code="1">3001</subfield>
    <subfield code="2">187</subfield>
    <subfield code="a">Universidad de Zaragoza</subfield>
    <subfield code="b">Dpto. Expres.Music.Plást.Corp.</subfield>
    <subfield code="c">Área Didáctica Expres.Corporal</subfield>
  </datafield>
  <datafield tag="773" ind1=" " ind2=" ">
    <subfield code="g">11, 1 (2025), e2527 [8 pp.]</subfield>
    <subfield code="p">Rev. Digit. Act. Fis. Deport.</subfield>
    <subfield code="t">Revista digital: Actividad Física y Deporte</subfield>
    <subfield code="x">2462-8948</subfield>
  </datafield>
  <datafield tag="856" ind1="4" ind2=" ">
    <subfield code="s">293995</subfield>
    <subfield code="u">http://zaguan.unizar.es/record/153092/files/texto_completo.pdf</subfield>
    <subfield code="y">Versión publicada</subfield>
  </datafield>
  <datafield tag="856" ind1="4" ind2=" ">
    <subfield code="s">3155045</subfield>
    <subfield code="u">http://zaguan.unizar.es/record/153092/files/texto_completo.jpg?subformat=icon</subfield>
    <subfield code="x">icon</subfield>
    <subfield code="y">Versión publicada</subfield>
  </datafield>
  <datafield tag="909" ind1="C" ind2="O">
    <subfield code="o">oai:zaguan.unizar.es:153092</subfield>
    <subfield code="p">articulos</subfield>
    <subfield code="p">driver</subfield>
  </datafield>
  <datafield tag="951" ind1=" " ind2=" ">
    <subfield code="a">2025-10-17-14:15:49</subfield>
  </datafield>
  <datafield tag="980" ind1=" " ind2=" ">
    <subfield code="a">ARTICLE</subfield>
  </datafield>
</record>
</collection>